| 000 | 00829nam a2200241Ia 4500 | ||
|---|---|---|---|
| 003 | CO-CtgCURN | ||
| 005 | 20250506131700.0 | ||
| 008 | 190725s9999 xx 000 0 und d | ||
| 020 | _a9789588821382 | ||
| 040 |
_aCO-CtgCURN _bspa _ccoctgcurn |
||
| 082 |
_a658.409 _bP837 |
||
| 110 | _aCaracol Radio | ||
| 245 | 0 |
_aPor que triunfan los lideres : _bhombres y mujeres que estan cambiando el mundo / _cCaracol Radio |
|
| 260 |
_aBogotá, Colombia : _bPenguin Random House, _c2017 |
||
| 300 |
_a292 páginas ; _c22 centímetros |
||
| 521 | _aAREA BASICA | ||
| 590 | _aTodos los programas acádemicos | ||
| 650 | _aÉxito en los negocios | ||
| 650 | _aPersonas éxitosas | ||
| 710 | _aCaracol Radio | ||
| 942 |
_cBK _h658.409 _iP837 _2ddc _n0 |
||
| 999 |
_c30289 _d30289 |
||